000 00262nmm a2200097Ia 4500
008 220120s9999||||xx |||||||||||||||||und||
020 _a0-07-052929
100 _aPCQ
245 0 _aOctober 2010 : 45 tools to boost operational efficiency, tut
260 _aCyber tech
999 _c139649
_d139649